000 00469nam a2200181Ia 4500
001 16760
005 20260306170334.0
008 260306t2021||||xx |||||||||||||| ||und||
041 _aESP
082 _a349.8
_bV76
100 _aVitoria, Francisco de,
_eAUT
245 0 _aSobre el poder civil. Sobre los indios. Sobre el derecho de la guerra
260 _c2021
300 _a212 páginas :
_c20 cm.
650 _aGEN
654 _aCDE
942 _cLIB
_dJUS
_fJUS
_2ddc
_n
999 _c16760
_d16760